Australia & New Zealand Territories - Statistics

General Stats
  • This quiz has been taken 37 times
  • The average score is 7 of 12
Answer Stats
Picture Answer % Correct
Cook Islands
96%
Christmas Island
89%
Niue
89%
Cocos Islands
85%
Norfolk Island
85%
Tokelau
74%
Australian Antarctic Territory
33%
Coral Sea Islands
30%
Ross Dependency
26%
Ashmore and Cartier Islands
19%
Heard Island and McDonald Islands
19%
Jervis Bay Territory
19%
No matching quizzes found
Score Distribution
Percent of People with Each Score
Percentile by Number Answered
Your Score History
You have not taken this quiz